[Event "22nd Hoogeveen Open 2018"]
[Site "Hoogeveen"]
[Date "2018.10.24"]
[Round "6"]
[White "Den Hartog, Marijn"]
[Black "Li, Henry"]
[Result "0-1"]
[WhiteElo "2296"]
[BlackElo "2207"]
[Annotator "NA"]
[PlyCount "174"]
[EventDate "2018.10.20"]
[EventType "swiss"]
[EventCountry "NED"]
[SourceTitle "playchess.com"]
[Source "ChessBase"]
[SourceQuality "1"]
[TimeControl "40/5400+30:1800+30"]

1. d4 {[%emt 0:00:00]} Nf6 {[%emt 0:00:00]} 2. Nf3 {[%emt 0:00:12]} g6 {[%emt 0:00:00]} 3. c4 {[%emt 0:00:28]} Bg7 {[%emt 0:00:00]} 4. g3 {[%emt 0:00:07]} O-O {[%emt 0:00:09]} 5. Bg2 {[%emt 0:00:03]} d6 {[%emt 0:00:07]} 6. O-O {[%emt 0:00:13]} Nc6 {[%emt 0:00:17]} 7. Nc3 {[%emt 0:01:44]} e5 {[%emt 0:00:18]} 8. d5 {[%emt 0:02:00]} Nb8 {[%emt 0:00:23]} 9. e4 {[%emt 0:01:11]} a5 {[%emt 0:00:08] E62: King's Indian: Fianchetto: 6...c6 and Panno Variation (6...Nc6) without ...a6} 10. h3 {[%emt 0:03:31] LiveBook: 11 Games} (10. Ne1 Na6 11. Nd3 Nb4 12. Ne1 Na6 13. f4 exf4 14. gxf4 Re8 15. Nd3 Ng4 16. h3 Bd4+ 17. Kh1 {½-½ (25) Inarkiev,E (2727)-Sutovsky,E (2650) Poikovsky 2017}) 10... Na6 {[%emt 0:00:25]} 11. Bg5 {[%emt 0:00:17]} h6 {[%emt 0:32:08]} 12. Be3 {[%emt 0:00:52]} Nd7 {[%emt 0:04:53]} 13. Qd2 $146 {[%emt 0:05:09]} ({Predecessor:} 13. Rb1 Ndc5 14. Nh4 Qe8 15. Qd2 Kh7 16. Nb5 Qe7 17. Qxa5 {1-0 (69) Birnboim,N (2365)-Kraus,Y (2218) Tiberias 2016}) 13... Kh7 {[%emt 0:00:08]} 14. h4 {[%emt 0:00:16]} Nf6 {[%emt 0:06:20]} 15. Nh2 {[%emt 0:00:29]} Bd7 {[%emt 0:03:53]} 16. Bf3 {[%emt 0:07:45]} Qc8 {[%emt 0:03:45]} 17. Bd1 {[%emt 0:05:13]} Bh3 {[%emt 0:05:13]} 18. Re1 {[%emt 0:02:05]} b6 {[%emt 0:02:54]} 19. a3 {[%emt 0:10:21]} Ng8 {[%emt 0:08:21]} 20. h5 {[%emt 0:02:23]} Nf6 {[%emt 0:01:00]} 21. hxg6+ {[%emt 0:01:31]} fxg6 {[%emt 0:00:04]} 22. Bf3 {[%emt 0:02:04]} Ng4 {[%emt 0:01:46]} 23. Bxg4 {[%emt 0:03:37]} Bxg4 {[%emt 0:00:05]} 24. Nxg4 {[%emt 0:00:04]} Qxg4 {[%emt 0:00:07]} 25. Qe2 {[%emt 0:02:56]} Rf3 {[%emt 0:06:25]} 26. Nb1 {[%emt 0:13:55]} h5 {[%emt 0:04:07]} 27. Nd2 {[%emt 0:06:45]} Rff8 {[%emt 0:00:32]} 28. Qxg4 {[%emt 0:01:56]} hxg4 {[%emt 0:00:01]} 29. Kg2 {[%emt 0:00:08]} g5 {[%emt 0:03:51]} 30. Bxg5 {[%emt 0:09:02]} Nc5 {[%emt 0:00:05]} 31. Be3 {[%emt 0:01:25]} Nd3 {[%emt 0:00:09]} 32. Rh1+ {[%emt 0:00:05]} Kg6 {[%emt 0:00:17]} 33. Rh4 {[%emt 0:01:36]} Nxb2 {[%emt 0:00:14]} 34. Rxg4+ {[%emt 0:00:25]} Kf7 {[%emt 0:00:07]} 35. Rb1 {[%emt 0:02:16]} Na4 {[%emt 0:01:19]} 36. Nf3 {[%emt 0:01:36]} Bf6 {[%emt 0:00:43]} 37. Rb3 {[%emt 0:03:45]} Rg8 {[%emt 0:00:47]} 38. Rxg8 {[%emt 0:01:14]} Rxg8 {[%emt 0:00:02]} 39. Nd2 {[%emt 0:03:41]} Bg5 {[%emt 0:00:24]} 40. Bxg5 {[%emt 0:00:18]} Rxg5 {[%emt 0:00:05]} 41. Rf3+ {[%emt 0:31:19]} Ke7 {[%emt 0:33:02]} 42. Rf5 {[%emt 0:01:33]} Rxf5 {[%emt 0:05:21]} 43. exf5 {[%emt 0:00:03]} b5 {[%emt 0:00:13]} 44. Kf3 {[%emt 0:00:00]} b4 {[%emt 0:00:00]} 45. axb4 {[%emt 0:00:00]} axb4 {[%emt 0:00:00]} 46. g4 {[%emt 0:00:23]} Nc5 {[%emt 0:00:00] [#]} 47. Ke3 {[%emt 0:00:54]} (47. Ke2 $1 $16) 47... b3 {[%emt 0:00:00]} 48. g5 {[%emt 0:00:26]} b2 {[%emt 0:00:00]} 49. Nb1 {[%emt 0:00:25]} Kf7 {[%emt 0:00:00]} 50. f3 {[%emt 0:00:19]} Nb3 {[%emt 0:00:00]} 51. Kd3 {[%emt 0:00:43]} Kg7 {[%emt 0:00:00]} 52. Ke4 {[%emt 0:00:38]} Nc5+ {[%emt 0:00:00]} 53. Ke3 {[%emt 0:00:05]} Nb3 {[%emt 0:00:00]} 54. Kd3 {[%emt 0:00:08]} Kf7 {[%emt 0:00:00]} 55. Na3 {[%emt 0:00:04]} Nd4 {[%emt 0:03:26]} 56. Ke4 {[%emt 0:05:21]} Nb3 {[%emt 0:00:38]} 57. Nb1 {[%emt 0:00:01]} Nc5+ {[%emt 0:00:23]} 58. Ke3 {[%emt 0:00:05]} Nb3 {[%emt 0:00:09]} 59. f4 {[%emt 0:02:19]} exf4+ {[%emt 0:00:21]} 60. Kxf4 {[%emt 0:00:03]} Na5 {[%emt 0:00:08]} 61. c5 {[%emt 0:00:10]} dxc5 {[%emt 0:02:05]} 62. f6 {[%emt 0:00:17]} Nc4 {[%emt 0:00:33]} 63. Kf5 {[%emt 0:01:05]} Nd6+ {[%emt 0:00:55]} 64. Ke5 {[%emt 0:01:11]} Kg6 {[%emt 0:00:58]} 65. Ke6 {[%emt 0:00:40]} Kxg5 {[%emt 0:00:33]} 66. f7 {[%emt 0:00:48]} Nxf7 {[%emt 0:00:29]} 67. Kd7 {[%emt 0:00:34]} Kf5 {[%emt 0:05:12]} 68. Kc6 {[%emt 0:00:05]} c4 {[%emt 0:01:31]} 69. Kc5 {[%emt 0:00:04]} Nd6 {[%emt 0:01:04]} 70. Kd4 {[%emt 0:00:53]} Kf4 {[%emt 0:00:17]} 71. Kc3 {[%emt 0:00:49]} Ke4 $19 {[%emt 0:00:16]} 72. Kxb2 {[%emt 0:00:11]} Kd3 {[%emt 0:00:50]} 73. Nc3 {[%emt 0:01:36]} Ne4 {[%emt 0:00:23]} 74. Nb5 {[%emt 0:00:34]} (74. Nb1 c3+ 75. Kc1 Nf6 76. d6 cxd6 77. Na3 d5 78. Nc2 d4 79. Kd1 Nd5 80. Ne1+ Ke4 81. Kc2 Nb4+ 82. Kb3 {[#]} c2 $1 {[%mdl 512]} 83. Nxc2 Nxc2 84. Kxc2 Ke3 85. Kd1 Kd3 86. Ke1 Kc2 87. Ke2 d3+ 88. Ke3 d2 89. Ke4 d1=Q 90. Ke5 Qd2 91. Kf5 Qd6 92. Kg4 Kd2 93. Kf3 Qd4 94. Kg3 Ke3 95. Kg2 Qg4+ 96. Kh1 Kf3 97. Kh2 Qg2#) 74... c3+ {[%emt 0:01:47]} 75. Kc1 {[%emt 0:00:20]} Nc5 {[%emt 0:00:40]} 76. Na3 {[%emt 0:00:19]} Nb3+ {[%emt 0:00:18]} 77. Kd1 {[%emt 0:00:06]} Nd4 {[%emt 0:00:23]} 78. Kc1 {[%emt 0:02:29]} Ke4 {[%emt 0:02:10]} 79. Nb1 {[%emt 0:00:00]} Kd3 {[%emt 0:00:45]} 80. Na3 {[%emt 0:00:00]} Ke4 {[%emt 0:01:41]} 81. Nb1 {[%emt 0:00:00]} Nb5 {[%emt 0:00:51]} 82. Kc2 {[%emt 0:00:00]} Kd4 {[%emt 0:00:26]} 83. Kd1 {[%emt 0:00:56]} Kxd5 {[%emt 0:00:23]} 84. Kc1 {[%emt 0:00:01]} Kd4 {[%emt 0:00:18]} 85. Kd1 {[%emt 0:00:03]} Kd3 {[%emt 0:01:12]} 86. Kc1 {[%emt 0:00:05]} c2 {[%emt 0:00:33]} 87. Nc3 {[%emt 0:00:43]} Nxc3 {[%emt 0:00:11]} 0-1

[Event "22nd Hoogeveen Open 2018"]
[Site "Hoogeveen"]
[Date "2018.10.24"]
[Round "6"]
[White "Hamblok, Roel"]
[Black "Iniyan, P."]
[Result "0-1"]
[WhiteElo "2275"]
[BlackElo "2476"]
[Annotator "TA"]
[PlyCount "80"]
[EventDate "2018.10.20"]
[EventType "swiss"]
[EventCountry "NED"]
[SourceTitle "playchess.com"]
[Source "ChessBase"]
[SourceQuality "1"]

{[%evp 18,80,35,21,23,20,17,32,31,37,42,2,4,4,10,-112,-105,-129,-135,-172,-168,-169,-76,-848,-824,-854,-814,-849,-519,-451,-471,-820,-805,-892,-883,-869,-784,-854,-854,-854,-854,-845,-836,-812,-808,-793,-768,-761,-738,-1005,-1021,-1078,-1084,-1441,-1436,-1447,-1427,-1356,-1336,-1215,-1072,-29986,-29987,-29987,-29987]} 1. c4 Nf6 2. Nc3 g6 3. e4 d6 4. d4 Bg7 5. Nf3 O-O 6. Be2 e5 7. d5 Na6 8. Nd2 Ne8 9. h4 {E92: King's Indian: Classical: 6 Be2 e5: 7 dxe5, 7 Be3 and Petrosian System without 7...Nbd7} (9. Rb1 f5 10. b4 c5 11. dxc6 bxc6 12. O-O Nac7 13. Nb3 Ne6 14. Bf3 f4 15. c5 Nd4 16. Nxd4 exd4 {1-0 (71) Korobov,A (2652)-Iniyan,P (2466) Villorba 2018}) 9... f5 10. h5 {LiveBook: 8 Games} gxh5 $1 11. exf5 {White has an edge.} Nf6 12. Nde4 {Ng3 is the strong threat.} Nxe4 13. Nxe4 Bxf5 14. Ng3 Bg6 {[#]} 15. Nxh5 $146 ({Predecessor:} 15. Bxh5 Qf6 16. O-O e4 17. Qg4 Rae8 18. Be3 Nb4 19. Rad1 Nc2 20. Rd2 Nxe3 21. fxe3 Bxh5 22. Qxh5 {½-½ (22) Lalic,B (2531)-Paragua,M (2427) Ubeda 2001}) 15... Nb4 {[%cal Ba6b4,Bb4c2,Bc2d4][%mdl 32]} 16. O-O (16. Kf1 $11) 16... Nc2 $1 $17 {[%cal Rc2a1]} 17. Nxg7 Kxg7 18. Rb1 Nd4 $36 {[%mdl 2048] White is under strong pressure.} 19. Ra1 {[#]} Qh4 (19... Kh8 $1 $19 20. Bg4 Bc2) 20. Bd2 $2 {[%mdl 8192]} (20. Be3 $17) 20... Bc2 $19 {White must now prevent ...Rg8.} 21. Qe1 {[#]} Bd3 $1 {[%mdl 512]} 22. Bd1 {[#]} (22. Bxd3 Nf3+) 22... Nf3+ $1 {[%mdl 512]} 23. Bxf3 Rxf3 24. Bc3 (24. gxf3 $2 {perishes.} Kf7) (24. Qd1 $142 Raf8 25. Qxf3 (25. gxf3 $2 Rg8 $19) 25... Rxf3 26. gxf3 Bxf1 27. Rxf1) 24... Rg8 {aiming for ...Rh3.} 25. Bxe5+ dxe5 26. Qxe5+ Kf8 {( -> ...Rh3)} 27. Rae1 {[#]} Rxg2+ $1 {[%mdl 512]} 28. Kxg2 Qg4+ 29. Qg3 Rxg3+ 30. fxg3+ Bxf1+ 31. Rxf1+ {[%mdl 4096] Endgame KQ-KR} Kg7 32. b3 Qe4+ 33. Kg1 a5 34. Rf2 {[#]} a4 $1 35. Kh2 (35. bxa4 Qxc4) 35... axb3 36. axb3 Qe3 37. Rb2 Kg6 38. Kh3 Qc3 39. d6 Qxb2 40. dxc7 Qh8 {Precision: White = 29%, Black = 96%.} 0-1

[Event "22nd Hoogeveen Open 2018"]
[Site "Hoogeveen"]
[Date "2018.10.24"]
[Round "6"]
[White "Schippers, Maurice"]
[Black "Warmerdam, Max"]
[Result "0-1"]
[WhiteElo "2272"]
[BlackElo "2417"]
[Annotator "TA"]
[PlyCount "84"]
[EventDate "2018.10.20"]
[EventType "swiss"]
[EventCountry "NED"]
[SourceTitle "playchess.com"]
[Source "ChessBase"]
[SourceQuality "1"]

{[%evp 11,84,0,0,0,0,0,0,0,0,0,0,0,4,0,0,-10,-10,0,-18,0,-20,-135,-37,-183,-75,-81,-45,-241,-223,-183,-210,-354,-345,-355,-356,-300,-111,-106,-106,-290,-285,-309,-306,-352,-364,-352,-362,-347,-352,-29968,-29970,-29970,-29971,-29971,-29971,-29969,-29972,-29978,-29979,-29979,-29979,-29981,-29980,-29981,-29982,-29982,-29982,-29983,-29984,-29985,-29986,-29986,-29987,-29987,-29987]} 1. e4 e5 2. Nf3 Nc6 3. d4 exd4 4. Nxd4 Bc5 5. Nb3 Bb6 6. Nc3 Nf6 7. Bd3 {C45: Scotch Game} (7. Qe2 O-O 8. Bg5 h6 9. Bh4 Nd4 10. Qd3 Nxb3 11. cxb3 g5 12. Bg3 d5 13. O-O-O c6 14. exd5 Nxd5 {½-½ (36) Le,Q (2728)-Fedoseev,V (2707) Danzhou 2018}) 7... d6 {White should prevent ...Ng4.} 8. Bg5 h6 {[%cal Bh7h6,Bh6h5,Bh5h4,Bh4g3][%mdl 32]} 9. Bh4 {The position is equal.} Be6 10. Qe2 Nd4 11. Nxd4 $146 (11. Qd2 {with more complications.} Nc6 12. Qe2) ({Predecessor:} 11. Qd2 Nxb3 12. cxb3 g5 13. Bg3 Nh5 14. O-O-O Nxg3 15. hxg3 Qf6 16. f3 {½-½ (32) Sanchez,J (2533)-Rusev,K (2539) Marseille 2012}) 11... Bxd4 12. O-O g5 13. Bg3 h5 $36 {[%mdl 2048] ...h4 is the strong threat. White is under pressure.} 14. h3 $1 h4 15. Bh2 g4 16. Kh1 (16. e5 $11 {keeps the balance.}) 16... Nh5 (16... gxh3 $17 17. gxh3 Bxh3) 17. Rad1 ({Don't blunder} 17. hxg4 $2 Ng3+ $1 {[%mdl 512]} 18. Kg1 Nxe2+ $19) (17. e5 $1 $15 dxe5 18. Bxe5 (18. hxg4 $2 Ng3+ 19. Kg1 Nxe2+ $19) 18... gxh3 19. gxh3 Bxe5 20. Qxe5) 17... Bxc3 $1 $19 18. bxc3 g3 ({Much weaker is} 18... gxh3 $6 19. gxh3 Bxh3 20. Rg1 $14) 19. fxg3 $2 (19. Bg1 $1 $15) 19... hxg3 20. Bg1 {[#]} Qh4 $1 21. Bc4 {[#]} (21. Rf5 {is a better defense.} Bxf5 22. exf5+ Kf8 23. Qf3) 21... Bxh3 $1 {[%mdl 512]} 22. gxh3 Qxh3+ 23. Bh2 Qxh2+ $2 (23... gxh2 24. Bxf7+ Ke7 25. Bxh5 $16) (23... O-O-O $19 {has better winning chances.} 24. Bxf7 gxh2 25. Bxh5 Rxh5) 24. Qxh2 $17 gxh2 25. Bxf7+ $2 {[#]} (25. Rd3 $17) 25... Ke7 $1 $19 {Threatens to win with ...Ng3+.} 26. Rf3 Raf8 27. Bxh5 Rxh5 28. Rxf8 Kxf8 {[%mdl 4096] Endgame KR-KR} 29. Rd2 Ke7 30. Rxh2 $2 (30. a3 $19) 30... Rxh2+ {Black mates.} 31. Kxh2 {KP-KP} Ke6 32. Kg3 Ke5 33. Kf3 d5 34. exd5 Kxd5 {K3P-K3P} 35. Ke3 Kc4 36. Kd2 b6 37. Kd1 Kxc3 38. Kc1 c5 {[%cal Bc7c5,Bc5c4][%mdl 32]} 39. Kb1 Kd2 40. Kb2 c4 41. c3 Kd3 42. a4 a5 {Precision: White = 34%, Black = 79%.} 0-1

[Event "22nd Hoogeveen Open 2018"]
[Site "Hoogeveen"]
[Date "2018.10.24"]
[Round "6"]
[White "Ojas Kulkarni"]
[Black "Kevlishvili, Robby"]
[Result "1-0"]
[WhiteElo "2254"]
[BlackElo "2461"]
[Annotator "TA"]
[PlyCount "55"]
[EventDate "2018.10.20"]
[EventType "swiss"]
[EventCountry "NED"]
[SourceTitle "playchess.com"]
[Source "ChessBase"]
[SourceQuality "1"]

{[%evp 18,55,135,135,135,130,149,133,216,201,201,193,241,239,414,293,437,449,441,449,443,432,433,433,431,437,568,568,568,568,1695,1647,1816,1764,1682,1654,1987,1889,29991,29992]} 1. Nc3 d5 2. e4 dxe4 3. Nxe4 Nf6 4. Nxf6+ exf6 5. d4 Bd6 6. Bd3 O-O 7. Ne2 c6 8. c3 Qc7 9. Qc2 g6 {[#] B15: Caro-Kann (Flohr-Variante)} (9... h6 10. c4 c5 11. dxc5 Qxc5 12. O-O Nc6 13. a3 Bg4 14. h3 Bxe2 15. Qxe2 Rfe8 16. b4 Bh2+ 17. Kh1 Rxe2 18. bxc5 {½-½ (51) Fier,A (2624)-Granda Zuniga,J (2667) Bilbao 2015}) 10. h4 $1 {[%cal Bh2h4,Bh4h5][%mdl 32] LiveBook: 5 Partien} Be6 11. h5 f5 {Weiß steht besser.} 12. Bh6 Re8 (12... Nd7 $16) 13. g4 $146 ({Vorgänger:} 13. hxg6 fxg6 14. g4 Bd5 15. O-O-O Bf3 16. gxf5 Rxe2 17. Bxe2 {1-0 (24) Bezmalinovic,D (2132)-Bulat,A (2282) Croatia 2005}) 13... Bd5 {[#]} 14. O-O-O $1 {Schwarz muss nun hxg6! beachten.} Bxh1 15. Rxh1 {Droht stark hxg6.} Bf8 $2 (15... Qa5) 16. Qd2 fxg4 (16... Bxh6 $142 17. Qxh6 Qd6) 17. hxg6 $18 fxg6 18. Bc4+ Kh8 19. Nf4 Qd6 {[#]} 20. Be6 $1 {[%mdl 512]} Rxe6 21. Bxf8 ({Minderwertig wäre} 21. Nxe6 Qxe6 22. Bxf8 Qf7 $11) 21... Qxf8 22. Nxe6 Qe7 23. Ng5 h5 24. Re1 Qf6 25. Re8+ Kg7 26. Ne6+ Kh7 27. Qe3 {Weiss will mit Tf8 Matt setzen.} a5 28. Rf8 {Precision: Weiß = 100%, Schwarz = 31%.} 1-0

[Event "22nd Hoogeveen Open 2018"]
[Site "Hoogeveen"]
[Date "2018.10.24"]
[Round "6"]
[White "Blagojevic, Tijana"]
[Black "Zwirs, Nico"]
[Result "0-1"]
[WhiteElo "2232"]
[BlackElo "2410"]
[Annotator "RC"]
[PlyCount "96"]
[EventDate "2018.10.20"]
[EventType "swiss"]
[EventCountry "NED"]
[SourceTitle "playchess.com"]
[Source "ChessBase"]
[SourceQuality "1"]
[TimeControl "40/5400+30:1800+30"]

1. e4 {[%emt 0:00:00]} c5 {[%emt 0:00:00]} 2. Nf3 {[%emt 0:00:00]} e6 {[%emt 0:00:00]} 3. d4 {[%emt 0:00:00]} cxd4 {[%emt 0:00:00]} 4. Nxd4 {[%emt 0:00:00]} Nf6 {[%emt 0:01:17]} 5. Nc3 {[%emt 0:00:59]} d6 {[%emt 0:02:37]} 6. g4 {[%emt 0:00:30]} h6 {[%emt 0:00:25]} 7. h3 {[%emt 0:02:33]} a6 {[%emt 0:02:35]} 8. Bg2 {[%emt 0:00:47]} g5 {[%emt 0:00:51]} 9. Be3 {[%emt 0:01:22]} Nbd7 {[%emt 0:00:22]} 10. Qe2 {[%emt 0:01:11]} Qc7 {[%emt 0:01:03]} 11. a4 {[%emt 0:06:21]} Ne5 {[%emt 0:01:59]} 12. Rd1 {[%emt 0:00:48]} b6 {[%emt 0:13:07]} 13. O-O {[%emt 0:00:31]} Bb7 {[%emt 0:00:15]} 14. Bc1 {[%emt 0:08:49]} Nfd7 {[%emt 0:08:03]} 15. f4 {[%emt 0:05:42]} gxf4 {[%emt 0:00:00]} 16. Rxf4 {[%emt 0:00:19]} Be7 {[%emt 0:00:17]} 17. Rff1 {[%emt 0:05:46]} Ng6 {[%emt 0:11:03]} 18. Nf3 {[%emt 0:02:35]} Nde5 {[%emt 0:13:08]} 19. Kh1 {[%emt 0:00:24]} Nxf3 {[%emt 0:03:41]} 20. Qxf3 {[%emt 0:00:08]} Ne5 {[%emt 0:00:09]} 21. Qf2 {[%emt 0:01:10]} Bg5 {[%emt 0:02:21]} 22. Ne2 {[%emt 0:03:16]} Qc5 {[%emt 0:07:38]} 23. Nd4 {[%emt 0:01:20]} Rg8 {[%emt 0:03:20]} 24. Bf4 {[%emt 0:19:00]} O-O-O {[%emt 0:06:11]} 25. Bg3 {[%emt 0:01:29]} Rg7 {[%emt 0:01:32]} 26. Ne2 {[%emt 0:07:21]} Be3 {[%emt 0:04:21]} 27. Qe1 {[%emt 0:00:03]} h5 {[%emt 0:00:33]} 28. b4 {[%emt 0:01:01]} Qc4 {[%emt 0:01:16]} 29. Bxe5 {[%emt 0:01:55]} dxe5 {[%emt 0:00:09]} 30. Rxd8+ {[%emt 0:03:18]} Kxd8 {[%emt 0:00:01]} 31. Ng3 {[%emt 0:01:47]} Bg5 {[%emt 0:04:01]} 32. Nxh5 {[%emt 0:00:12]} Rh7 {[%emt 0:00:03]} 33. Qa1 {[%emt 0:06:18]} Bxe4 {[%emt 0:02:34]} 34. Qd1+ {[%emt 0:05:35]} Ke7 {[%emt 0:00:54]} 35. Bxe4 {[%emt 0:03:04]} Qxe4+ {[%emt 0:00:02]} 36. Qf3 {[%emt 0:00:05]} Qxf3+ {[%emt 0:00:15]} 37. Rxf3 {[%emt 0:00:02]} f5 {[%emt 0:11:03]} 38. Rc3 {[%emt 0:01:41]} Kd6 {[%emt 0:00:10]} 39. b5 {[%emt 0:02:02]} axb5 {[%emt 0:00:03]} 40. axb5 {[%emt 0:00:04]} Kd5 {[%emt 0:00:46]} 41. Rc6 {[%emt 0:30:34]} e4 {[%emt 0:18:55]} 42. Kg2 {[%emt 0:00:00]} f4 {[%emt 0:00:43]} 43. c4+ {[%emt 0:00:00]} Ke5 {[%emt 0:02:10]} 44. c5 {[%emt 0:00:00]} f3+ {[%emt 0:01:12]} 45. Kf2 {[%emt 0:00:00]} Bh4+ {[%emt 0:04:48]} 46. Ke3 {[%emt 0:00:00]} Bg5+ {[%emt 0:00:05]} 47. Kf2 {[%emt 0:00:00]} Rf7 {[%emt 0:00:54]} 48. cxb6 {[%emt 0:00:00]} e3+ {[%emt 0:00:09]} 0-1

[Event "22nd Hoogeveen Open 2018"]
[Site "Hoogeveen"]
[Date "2018.10.24"]
[Round "6"]
[White "Kokje, Joris"]
[Black "Thrish Karthik"]
[Result "1/2-1/2"]
[WhiteElo "2232"]
[BlackElo "2116"]
[Annotator "NA"]
[PlyCount "96"]
[EventDate "2018.10.20"]
[EventType "swiss"]
[EventCountry "NED"]
[SourceTitle "playchess.com"]
[Source "ChessBase"]
[SourceQuality "1"]
[TimeControl "40/5400+30:1800+30"]

1. d4 {[%emt 0:00:00]} d5 {[%emt 0:00:10]} 2. c4 {[%emt 0:00:00]} dxc4 {[%emt 0:02:06]} 3. Nf3 {[%emt 0:00:01]} a6 {[%emt 0:00:03]} 4. e3 {[%emt 0:03:39]} b5 {[%emt 0:13:43]} 5. a4 {[%emt 0:01:01]} Bb7 {[%emt 0:04:53] LiveBook: 297 Games} 6. b3 {[%emt 0:01:50]} Nf6 {[%emt 0:08:32] D22: Queen's Gambit Accepted: 3 Nf3 a6 4 e3} (6... e6 7. bxc4 bxc4 8. Bxc4 c5 9. O-O Nf6 10. Nbd2 Nbd7 11. Rb1 Qc7 12. Bb2 cxd4 13. Bxd4 Bc5 14. Qe2 {½-½ (14) Cheparinov,I (2695)-Ivanchuk,V (2727) Mali Losinj 2017}) 7. axb5 {[%emt 0:02:43]} axb5 {[%emt 0:00:39]} 8. Rxa8 {[%emt 0:00:17]} Bxa8 {[%emt 0:00:03]} 9. bxc4 {[%emt 0:00:27]} bxc4 {[%emt 0:00:05]} 10. Ba3 {[%emt 0:02:11]} Nbd7 {[%emt 0:13:20]} 11. Qa4 $146 {[%emt 0:12:03]} ({Predecessor:} 11. Bxc4 e6 12. Bxf8 Kxf8 {0-1 (37) Buckley,G (2398)-Thorfinnsson,B (2311) Reykjavik 2006}) 11... e6 {[%emt 0:12:23]} 12. Bxf8 {[%emt 0:04:39]} Kxf8 {[%emt 0:00:10]} 13. Qa3+ {[%emt 0:00:46]} c5 {[%emt 0:08:22]} 14. dxc5 {[%emt 0:05:03]} Bxf3 {[%emt 0:03:26]} 15. c6+ {[%emt 0:10:25]} Kg8 {[%emt 0:05:52]} 16. gxf3 {[%emt 0:01:04]} Qb6 {[%emt 0:08:53]} 17. Qa8+ {[%emt 0:13:48]} Nb8 {[%emt 0:11:31]} 18. Qb7 $16 {[%emt 0:05:34]} Qxb7 {[%emt 0:00:00]} 19. cxb7 {[%emt 0:00:05]} Kf8 {[%emt 0:00:00]} 20. Bxc4 {[%emt 0:00:54]} Ke7 {[%emt 0:00:42]} 21. Ke2 {[%emt 0:03:28]} Rd8 {[%emt 0:03:47]} 22. Nc3 {[%emt 0:01:13]} Rd7 {[%emt 0:01:04]} 23. Rb1 {[%emt 0:02:34]} Rc7 {[%emt 0:00:19]} 24. Rb4 {[%emt 0:00:17]} Ne8 {[%emt 0:00:35]} 25. Ne4 {[%emt 0:01:04]} h6 {[%emt 0:01:07]} 26. Bd3 {[%emt 0:04:51]} f5 {[%emt 0:00:37]} 27. Ng3 {[%emt 0:00:04]} Nd6 {[%emt 0:00:27]} 28. e4 {[%emt 0:00:06]} g6 {[%emt 0:00:29]} 29. Rb6 {[%emt 0:02:28]} Rxb7 {[%emt 0:00:26]} 30. Rxb7+ {[%emt 0:00:11]} Nxb7 {[%emt 0:00:01]} 31. exf5 {[%emt 0:00:07]} exf5 {[%emt 0:00:11]} 32. Bxf5 {[%emt 0:00:07]} gxf5 {[%emt 0:00:01]} 33. Nxf5+ {[%emt 0:00:07]} Kf6 {[%emt 0:00:26]} 34. Nxh6 {[%emt 0:00:04]} Kg5 {[%emt 0:00:17]} 35. Nf7+ {[%emt 0:01:33]} Kf6 {[%emt 0:00:27]} 36. Nh6 {[%emt 0:00:15]} Kg5 {[%emt 0:02:08]} 37. Ng4 {[%emt 0:00:06]} Nd7 {[%emt 0:00:20]} 38. Ke3 {[%emt 0:00:32]} Nbc5 {[%emt 0:00:19]} 39. Kd4 {[%emt 0:03:42]} Ne6+ {[%emt 0:00:47]} 40. Kd5 {[%emt 0:00:34]} Nf4+ {[%emt 0:00:31]} 41. Ke4 {[%emt 0:31:03]} Nc5+ {[%emt 0:30:40]} 42. Ke5 {[%emt 0:02:13]} Nd7+ {[%emt 0:00:29]} 43. Ke4 {[%emt 0:00:18]} Ng6 {[%emt 0:00:11]} 44. Ke3 {[%emt 0:01:00]} Nf6 {[%emt 0:00:00]} 45. h3 {[%emt 0:00:00]} Nxg4+ {[%emt 0:00:00]} 46. fxg4 {[%emt 0:00:00]} Nf4 {[%emt 0:00:00]} 47. h4+ {[%emt 0:00:00]} Kxg4 {[%emt 0:00:00]} 48. f3+ {[%emt 0:00:00]} Kf5 {[%emt 0:00:00] Ke4+ [%emt 00:00:10] Ke5+} 1/2-1/2